000 00574nam a2200181Ia 4500
008 140529s9999 xx 000 0 und d
020 _a9789712356087
050 _aLB 2157
_b.Sa161 2010
100 _aSalana, June P.
245 _aField study 6 :
_bon becoming a teacher /
_cJune P. Salana
260 _aManila, Philippines :
_bRex Book Store, Inc.,
_cc2010.
300 _a6 v.
_c26 cm.
500 _aIncludes bibliographical references.
521 _aGE
650 _aEducation
_xStudy and teaching -- Handbooks, manuals, etc.
942 _kLOC
_cBK
999 _c117639
_d117639